000 00214nam a2200097Ia 4500
008 170619s9999 xx 000 0 und d
100 _aKanetkar- Yashwant
245 0 _aLet us c Solutions
260 _bBPB
260 _c2011
546 _aENGLISH
999 _c19532
_d19532